Maps showing sedimentary basins, surface thermal maturity, and indications of petroleum in the Central Alaska Province
Saved in:
| Main Author: | |
|---|---|
| Corporate Author: | |
| Other Authors: | |
| Format: | Electronic |
| Language: | English |
| Published: |
[Reston, Va.] :
U.S. Dept. of the Interior, U.S. Geological Survey,
2003.
|
| Series: | Miscellaneous field studies ;
map MF-2428. |
| Subjects: | |
| Tags: |
Add Tag
No Tags, Be the first to tag this record!
|
| LEADER | 01812nem a22004214a 4500 | ||
|---|---|---|---|
| 001 | 009622159-3 | ||
| 005 | 20050518122210.0 | ||
| 008 | 050309s2003 vau b fs 0 eng | ||
| 010 | |a 2005633323 | ||
| 020 | |a 060796605X | ||
| 034 | 1 | |a a |b 2500000 |d W1660000 |e W1410000 |f N0674600 |g N0590000 | |
| 035 | 0 | |a ocm57475055 | |
| 040 | |a DLC |c DLC |d CUY |d GPO | ||
| 042 | |a pcc | ||
| 043 | |a n-us-ak | ||
| 050 | 0 | 0 | |a G4371.H1 2003 |b .T7 |
| 052 | |a 4371 | ||
| 074 | |a 0619-G-11 | ||
| 074 | |a 0619-G-11 (online) | ||
| 086 | 0 | |a I 19.113:MF-2428/CD | |
| 100 | 1 | |a Troutman, Sandra M. | |
| 245 | 1 | 0 | |a Maps showing sedimentary basins, surface thermal maturity, and indications of petroleum in the Central Alaska Province |h [electronic resource] / |c by Sandra M. Troutman and Richard G. Stanley. |
| 255 | |a Scale 1:2,500,000 ; |b Albers conic equal area proj. |c (W 166⁰00ʹ--W 141⁰00ʹ/N 67⁰46ʹ--N 59⁰00ʹ). | ||
| 260 | |a [Reston, Va.] : |b U.S. Dept. of the Interior, U.S. Geological Survey, |c 2003. | ||
| 300 | |a 1 CD-ROM : |b col. ; |c 4 3/4 in. | ||
| 490 | 1 | |a Miscellaneous field studies ; |v map MF-2428 | |
| 538 | |a System requirements: UNIX system-based or Linux workstation, Macintosh, or IBM or compatible personal computer; Adobe Acrobat Reader 5.0 or higher (included on disc for Windows and Macintosh); color monitor with 256 color display (16.7 million recommended); CD-ROM drive. | ||
| 500 | |a Title from disc label. | ||
| 650 | 0 | |a Mines and mineral resources |z Alaska |v Maps. | |
| 650 | 0 | |a Sedimentary basins |z Alaska |v Maps. | |
| 650 | 0 | |a Petroleum |x Prospecting |z Alaska |v Maps. | |
| 653 | |a Maps--Digital | ||
| 655 | 7 | |a CD-ROMs. |2 local | |
| 700 | 1 | |a Stanley, Richard G. | |
| 710 | 2 | |a Geological Survey (U.S.) | |
| 830 | 0 | |a Miscellaneous field studies ; |v map MF-2428. | |
| 988 | |a 20050505 | ||
| 906 | |0 DLC | ||


